Score 0/9 Timer 05:00
0 Plays Today
Quote Character (First and Last Name) % Correct
'How would you feel if she called your penis 'angry' or 'snide'?'Meredith Grey
93.5%
'Today's the day my life begins. All my life I've been just me. Just a smart mouth kid. Today I become a man. Today I become a husband.'Alex Karev
90.5%
'All you people ever think about is how to get into somebody's pants. You're nasty.'Miranda Bailey
82.9%
'She's intense, intelligent, complicated. She's like a single malt scotch.'Derek Shepherd
80.3%
'Screw the DNR!'Richard Webber
77.9%
' I've earned the right to be seen. To be respected. To not have you think of me, as less than a dog that you got at the pound. So, I'm not moving out. Whether you like it or not.'George O'Malley
75.6%
'If you want to rub up against me, you gotta buy me a drink first.'Mark Sloan
74.8%
'And while you were dying, you were crying out for the wife who left you.' Lexie Grey
71.9%
'Don't you dare come to me for forgiveness, you traitorous bitch.' Callie Torres
71.3%
Remove Ads.
Support Sporcle.
Get the best of Sporcle when you Go Orange. This ad-free experience offers more features, more stats, and more fun while also helping to support Sporcle. Thank you for becoming a member.

You're not logged in!

Compare scores with friends on all Sporcle quizzes.
OR
Log In

Show Comments

Extras

Created Jan 7, 2015ReportNominate
Tags:Grey's Anatomy

Top Quizzes Today


Score Distribution

Your Account Isn't Verified!

In order to create a playlist on Sporcle, you need to verify the email address you used during registration. Go to your Sporcle Settings to finish the process.

Report this User

Report this user for behavior that violates our Community Guidelines.

Details: